00780nam a22002417a 450000500170000001000110001702000210002803500110004903700160006004000120007608200150008824500830010326000370018627000110022330000230023450000230025765000320028065000310031270000320034394200240037599900190039995201200041820170124110056.0 a918879 c00.00a333901750 a918879 bCen Lib/Ret aDPLbEN a658.8bMAR aMarketing management :cby Nikhilesh Dholakia...[et al.]bcases and concepts / a DelhibMacmillan company c1978 b Delhi axiv,643p.c19m(Hb) aIncludes appendix  aMarketing management921514 aMarketing analysis 926513 aDholakia, Nikhilesh 926485 2ddccENh658.8mMAR c129489d129489 00104070aLbLd2015-07-06eCen Lib/Retg0.00l0o658.8 MARp918879r2015-07-06 00:00:00t1v0.00w2015-07-06yEN